000 nam a22 a 4500
999 _c343174
_d343174
003 BLK
005 20210706075120.0
008 180911b bul|||||r ||||||| ||bul||
010 _a002835
040 _aBLK
041 _aBUL
_cBUL
080 _z886.7-32
100 1 _aШИШМАНОВ, Димитър
_eпърви автор
_9396535
139 _aШИШМАНОВ, Димитър
245 0 0 _aЗограф Павел
_cДимитър Шишманов
246 _aРазкази
_pепос-разкази
260 _aСофия
_bИв. Коюмджиев
_c1938
_fНов живот
300 _a130 с
_c19 см
380 _aX
490 _aЧастна колекция - Академик Михаил Арнаудов
_gДарение - Основен фонд
500 _aАвтограф с текст: На проф. Мих. Арнаудов, достойния ученик и наследник на баща ми С благодарност Д. Шишманов Атина, януари 1939 (инв.№ 590284)
650 _aПроза
_9167961
653 _aепос
653 _aразкази
655 _aбългарска литература
_9459487
700 1 _aДимитър Шишманов
_9407638
852 _aМА 1820
_bМА
852 _aЦб 8.180.4303
_bЦб
942 _cKNG
_n0
_s1
944 _aCR
_c1996
_kValK
999 _d343174
999 _d343174